| 000 | 00965cam a22002651 4500 | ||
|---|---|---|---|
| 001 | 3585149 | ||
| 005 | 19860131000000.0 | ||
| 008 | 730109s1962 nju 000 0 eng | ||
| 010 | _a 62010890 | ||
| 040 |
_aDLC _cDLC _dDLC |
||
| 043 |
_aa-cc--- _ae-ur--- |
||
| 050 | 0 | 0 |
_aDK68.7.C5 _bZ3 |
| 082 | 0 | 0 |
_a327.47051 _220 _bZAG |
| 100 | 1 |
_aZagoria, Donald S. _99727 |
|
| 245 | 1 | 4 |
_aThe Sino-Soviet Conflict, 1956-1961 / _cBy Donald S. Zagoria. |
| 260 |
_aPrinceton, N.J., _bPrinceton University Press, _cc.1962. |
||
| 300 |
_a484 p. _c25 cm. |
||
| 500 | _aDonations. | ||
| 500 | _aDonated By:Alaa Abdel Ghaney. | ||
| 650 | 0 |
_aCommunism _xHistory. _99728 |
|
| 651 | 0 |
_aSoviet Union _xForeign relations _zChina _xHistory. _99729 |
|
| 651 | 0 |
_aChina. _99730 |
|
| 942 |
_2ddc _cBB |
||
| 999 |
_c13003 _d13003 |
||